Introduction to Law / (Record no. 1241)
| 000 -LEADER | |
|---|---|
| fixed length control field | 00499nam a22001817a 4500 |
| 003 - CONTROL NUMBER IDENTIFIER | |
| control field | OSt |
| 005 - DATE AND TIME OF LATEST TRANSACTION | |
| control field | 20140116120849.0 |
| 008 - FIXED-LENGTH DATA ELEMENTS--GENERAL INFORMATION | |
| fixed length control field | 131023b xxu||||| |||| 00| 0 eng d |
| 020 ## - INTERNATIONAL STANDARD BOOK NUMBER | |
| International Standard Book Number | 9789966-31174 |
| 050 ## - LIBRARY OF CONGRESS CALL NUMBER | |
| Classification number | K235.M84 2011 |
| 100 ## - MAIN ENTRY--PERSONAL NAME | |
| Personal name | Mugambi, Peter. |
| 245 ## - TITLE STATEMENT | |
| Title | Introduction to Law / |
| Statement of responsibility, etc | Peter Mugambi. |
| 260 ## - PUBLICATION, DISTRIBUTION, ETC. (IMPRINT) | |
| Place of publication, distribution, etc | Nairobi : |
| Name of publisher, distributor, etc | Law Africa , |
| Date of publication, distribution, etc | 2011. |
| 300 ## - PHYSICAL DESCRIPTION | |
| Extent | xxxvii, 415p. |
| 504 ## - BIBLIOGRAPHY, ETC. NOTE | |
| Bibliography, etc | Includes bibliographical references. |
| 650 ## - SUBJECT ADDED ENTRY--TOPICAL TERM | |
| Topical term or geographic name as entry element | Law -- General |
| Geographic subdivision | Kenya |
| 942 ## - ADDED ENTRY ELEMENTS (KOHA) | |
| Source of classification or shelving scheme | |
| Koha item type | Book |
| Withdrawn status | Lost status | Source of classification or shelving scheme | Damaged status | Not for loan | Home library | Current library | Date acquired | Total Checkouts | Total Renewals | Full call number | Barcode | Date last seen | Date checked out | Copy number | Price effective from | Koha item type | Shelving location | Checked out |
|---|---|---|---|---|---|---|---|---|---|---|---|---|---|---|---|---|---|---|
| Riara University Library | Riara University Library | 23/10/2013 | 39 | 5 | K235.M84 2011 | 4367/13 | 24/10/2017 | 03/10/2017 | C.1 | 23/10/2013 | Book | |||||||
| Riara University Library | Riara University Library | 23/10/2013 | 33 | 11 | K235.M84 2011 | 4368/13 | 09/01/2023 | 11/11/2022 | C.2 | 23/10/2013 | Book | |||||||
| Riara University Library | Riara University Library | 23/10/2013 | 38 | 2 | K235.M84 2011 | 4369/13 | 17/10/2024 | 17/09/2024 | C.3 | 23/10/2013 | Book on Shortloan | Short Loan | ||||||
| Riara University Library | Riara University Library | 19/11/2014 | 22 | 3 | K235.M84 2011 | 5136/14 | 16/10/2017 | 11/09/2017 | C.4 | 19/11/2014 | Book | |||||||
| Riara University Library | Riara University Library | 19/11/2014 | 30 | 7 | K235.M84 2011 | 5137/14 | 11/06/2025 | 11/06/2025 | C.5 | 19/11/2014 | Book | 27/06/2025 | ||||||
| Riara University Library | Riara University Library | 19/11/2014 | 21 | 3 | K235.M84 2011 | 5138/14 | 30/10/2023 | 12/10/2023 | C.6 | 19/11/2014 | Book | |||||||
| Riara University Library | Riara University Library | 19/11/2014 | 17 | 7 | K235.M84 2011 | 5139/14 | 19/11/2024 | 19/11/2024 | C.7 | 19/11/2014 | Book | 05/12/2024 | ||||||
| Riara University Library | Riara University Library | 19/11/2014 | 19 | 4 | K235.M84 2011 | 5140/14 | 07/03/2023 | 13/02/2023 | C.8 | 19/11/2014 | Book |
